Name the Color - Brain Teaser #1 - Statistics

General Stats
  • This quiz has been taken 350 times
  • The average score is 16 of 20
Answer Stats
Hint Answer % Correct
Blue Yellow
99%
Gray Pink
97%
White Blue
96%
Purple Orange
94%
Black White
93%
Red Yellow
93%
Pink Gray
90%
Yellow Red
86%
Blue Green
85%
Black Red
85%
Green Black
83%
Pink Green
83%
Green Black
75%
Yellow Blue
75%
Gray Pink
72%
White Orange
66%
Purple White
64%
Orange Green
59%
Red Gray
54%
Black Blue
52%
No matching quizzes found
Score Distribution
Percent of People with Each Score
Percentile by Number Answered
Your Score History
You have not taken this quiz